| 000 | 00346nam a22001457a 4500 | ||
|---|---|---|---|
| 008 | 230626b ||||| |||| 00| 0 eng d | ||
| 020 | _a068307895 | ||
| 041 | _aeng | ||
| 080 |
_2THIRD EDITION _a61 |
||
| 082 | _a61SPE | ||
| 100 | _a15 | ||
| 101 | _aINF | ||
| 245 |
_aCLINICAL GYNECOLOGY ENDOCRINOLOGY INFERTILITY _cSPEROFF.L |
||
| 942 |
_2udc _cBK |
||
| 999 |
_c60042 _d60042 |
||